| 000 | 01053naa a22002777a 4500 | ||
|---|---|---|---|
| 001 | BR9402141 | ||
| 003 | BR-BrBNA | ||
| 005 | 20240918181005.0 | ||
| 007 | ta | ||
| 008 | 230509b bl.||||| |||| 00| 0 por d | ||
| 040 |
_aBR-BrBNA _bpor _cBiblioteca Nacional de Agricultura |
||
| 041 | _a(Pt) | ||
| 072 |
_aE71 _b0336 |
||
| 090 | _aE71 BR9402141 | ||
| 100 | 1 | _aFontes, R.M.O. | |
| 100 | 1 | _aFerrao, P.R. | |
| 111 | 1 |
_a28. Congresso Brasileiro de Economia e Sociologia Rural _cFlorianopolis, SC (Brazil) _d22-27 Jul 1990 |
|
| 245 | 1 | _aCompetitividade da soja brasileira no mercado internacional | |
| 260 | 3 |
_aBrasilia, DF (Brasil): _c1990. |
|
| 500 | _aAnais do 28. Congresso Brasileiro de Economia e Sociologia Rural Brasilia, DF (Brasil): 1990. v. 1 p. 149-162 (BR9402141-AM)E71 | ||
| 650 | _aMercado Internacional | ||
| 650 | _aSoja | ||
| 773 | 0 |
_tAnais do 28. Congresso Brasileiro de Economia e Sociologia Rural _wE71 BR9402141 _gBrasilia, DF (Brasil), 1990. v. 1 p. 149-162 |
|
| 909 |
_a202404 _bLucia _c55 _dLucia Elande |
||
| 942 |
_cAM _2AGRIS |
||
| 999 |
_c323054 _d323054 |
||